Da Vinci Decathlon Disciplines - Statistics

General Stats
  • This quiz has been taken 5 times
  • The average score is 6 of 10
Answer Stats
Answer % Correct
English
100%
Maths
100%
Science
100%
Cartography
75%
Art and Poetry
50%
Creative Produces
50%
Engineering
50%
Code Breaking
25%
Ideation
25%
Legacy
25%
No matching quizzes found
Score Distribution
Percent of People with Each Score
Percentile by Number Answered
Your Score History
You have not taken this quiz